<?xml version="1.0" encoding="UTF-8"?>
<record
    xmlns:xsi="http://www.w3.org/2001/XMLSchema-instance"
    xsi:schemaLocation="http://www.loc.gov/MARC21/slim http://www.loc.gov/standards/marcxml/schema/MARC21slim.xsd"
    xmlns="http://www.loc.gov/MARC21/slim">

  <leader>01553nam a2200181 a 4500</leader>
  <controlfield tag="008">161215t1969    ag  |||g |||| 001 0 spa d</controlfield>
  <datafield tag="092" ind1=" " ind2=" ">
    <subfield code="c">808.83</subfield>
    <subfield code="l">4</subfield>
    <subfield code="s">ARL</subfield>
  </datafield>
  <datafield tag="100" ind1="1" ind2=" ">
    <subfield code="a">Arlt, Roberto</subfield>
    <subfield code="9">2946</subfield>
  </datafield>
  <datafield tag="245" ind1=" " ind2="3">
    <subfield code="a">El criador de gorilas /</subfield>
    <subfield code="c">Roberto Arlt</subfield>
  </datafield>
  <datafield tag="250" ind1=" " ind2=" ">
    <subfield code="a">1a ed.</subfield>
  </datafield>
  <datafield tag="260" ind1=" " ind2=" ">
    <subfield code="a">Buenos Aires:</subfield>
    <subfield code="b">Fabril;</subfield>
    <subfield code="c">1969.</subfield>
  </datafield>
  <datafield tag="300" ind1=" " ind2=" ">
    <subfield code="a">189 p.</subfield>
  </datafield>
  <datafield tag="500" ind1=" " ind2=" ">
    <subfield code="a">Arlt, R. (1969). El criador de gorilas. (1a ed.). Buenos Aires : Fabril.</subfield>
  </datafield>
  <datafield tag="505" ind1=" " ind2=" ">
    <subfield code="a">En la narrativa de Roberto Arlt, El criador de gorilas, colecci&#xF3;n de cuentos aparecidos en "Mundo Argentino" y "El Hogar" entre los a&#xF1;os 1936 y 1937, se aparta de la linea habitual del genial creador por el marco de la acci&#xF3;n y la tem&#xE1;tica. Inspirados en un viaje a Marruecos, Arlt ha dicho que en ellos se propuso "exaltar la maravillosa fiesta de colorido que deslumbra al turista en cuanto pone los pies all&#xED;". Pero si hasta el lenguaje arltiano varia en este libro y se impregna de sentencias orientales, si el fatalismo musulm&#xE1;n corre a lo largo de los relatos como irreversible fuerza, si el primitivismo de los ind&#xED;genas surge como una constante que aleja al escritor del complicado intelectualismo de sus historias porte&#xF1;as, si &#xC1;frica satura la narraci&#xF3;n con sus tonos violentos, de esencial crueldad en el color y en las acciones, subsiste en toda la obra el pensamiento fundamental de Arlt: "la preocupaci&#xF3;n de sus personajes por alcanzar la felicidad y labrar en cambio la propia cat&#xE1;strofe". </subfield>
  </datafield>
  <datafield tag="590" ind1=" " ind2=" ">
    <subfield code="a">Donaci&#xF3;n. Proyecto Literatura 4to libro</subfield>
  </datafield>
  <datafield tag="655" ind1=" " ind2=" ">
    <subfield code="a">Cuentos</subfield>
    <subfield code="9">2945</subfield>
  </datafield>
  <datafield tag="942" ind1=" " ind2=" ">
    <subfield code="2">ddc</subfield>
    <subfield code="c">LIT</subfield>
  </datafield>
  <datafield tag="999" ind1=" " ind2=" ">
    <subfield code="c">2282</subfield>
    <subfield code="d">2282</subfield>
  </datafield>
  <datafield tag="952" ind1=" " ind2=" ">
    <subfield code="0">0</subfield>
    <subfield code="1">0</subfield>
    <subfield code="2">ddc</subfield>
    <subfield code="4">0</subfield>
    <subfield code="7">0</subfield>
    <subfield code="8">FIC</subfield>
    <subfield code="a">BFM</subfield>
    <subfield code="b">BFM</subfield>
    <subfield code="c">CR</subfield>
    <subfield code="d">2017-02-17</subfield>
    <subfield code="e">Donaci&#xF3;n Carozzi Norma, 2016.</subfield>
    <subfield code="l">1</subfield>
    <subfield code="o">808.83 4 ARL</subfield>
    <subfield code="p">3769</subfield>
    <subfield code="r">2018-02-26</subfield>
    <subfield code="s">2018-02-20</subfield>
    <subfield code="t">Ej. 1</subfield>
    <subfield code="w">2017-02-17</subfield>
    <subfield code="y">LIT</subfield>
    <subfield code="z">Proyecto 4to libro. Donaci&#xF3;n Carozzi Norma</subfield>
  </datafield>
</record>
